| 000 | 00612nam a2200193 i 4500 | ||
|---|---|---|---|
| 001 | 75021 | ||
| 003 | ES-MaACL | ||
| 005 | 20250728100434.0 | ||
| 007 | t| | ||
| 008 | 040922m19501951sp ||||1| spa d | ||
| 100 | 1 |
_aGoxens Duch, Antonio. _959387 |
|
| 245 | 1 | 0 |
_aContabilidad y administración de negocios / _cAntonio Goxens Duch. |
| 260 |
_aMadrid : _bAfrodisio Aguado, _c1950-1951 ( _fSucs. Rivadeneyra) |
||
| 300 |
_a4 t. : _bil ; _c22 cm. |
||
| 490 | 1 | _aTécnica Comercial Moderna | |
| 830 | 0 | 0 |
_aTécnica comercial moderna _9229811 |
| 852 |
_aES-MaACL _jD-5955-58 _bR.32141 |
||
| 999 |
_c75021 _d75021 |
||